[Event "BL2 Sued 1920 (Women)"]
[Site "Germany"]
[Date "2020.02.15"]
[Round "6.5"]
[White "Oberhofer, Marie"]
[Black "Yi, Wendy"]
[Result "1-0"]
[WhiteElo "1686"]
[BlackElo "1816"]
[PlyCount "57"]
[EventDate "2019.09.14"]
[EventType "team-tourn"]
[EventRounds "7"]
[EventCountry "GER"]
[SourceTitle "EXT 2021"]
[Source "ChessBase"]
[SourceDate "2020.10.23"]
[SourceVersion "1"]
[SourceVersionDate "2020.10.23"]
[SourceQuality "1"]
[WhiteTeam "Regensburg Bavaria (W)"]
[BlackTeam "Freiburg Zaehringen (W)"]
[WhiteTeamCountry "GER"]
[BlackTeamCountry "GER"]

1. e4 e5 2. Nf3 Nc6 3. Bb5 a6 4. Ba4 Nf6 5. d3 d6 6. c3 Bg4 7. 0-0 Be7 8. Re1 0-0 9. Nbd2 b5 10. Bc2 d5 11. h3 Bh5 12. exd5 Qxd5 13. Ne4 Rad8 14. Qe2 Nxe4 15. dxe4 Qe6 16. Be3 Na5 17. b3 Nb7 18. Rad1 Qf6 19. Rxd8 Rxd8 20. Rd1 h6 21. Rxd8+ Nxd8 22. Qd1 Ne6 23. g4 Bg6 24. Nd2 Qh4 25. Qf3 h5 26. Qg2 Ng5 27. Kh2 Ne6 28. Nf3 Qf6 29. g5 1-0

[Event "GER-chT Federal Cup (Women)"]
[Site "Braunfels"]
[Date "2019.06.21"]
[Round "2.42"]
[White "Yi, Wendy"]
[Black "Moenster, Madita"]
[Result "0-1"]
[WhiteElo "1820"]
[BlackElo "1994"]
[PlyCount "100"]
[EventDate "2019.06.20"]
[EventType "team-swiss"]
[EventRounds "5"]
[EventCountry "GER"]
[SourceTitle "CBM 191 Extra"]
[Source "ChessBase"]
[SourceDate "2019.09.30"]
[SourceVersion "1"]
[SourceVersionDate "2019.09.30"]
[SourceQuality "1"]

1. e4 c5 2. Nf3 d6 3. d4 cxd4 4. Nxd4 Nf6 5. Nc3 a6 6. Be2 e5 7. Nb3 Be7 8. 0-0 0-0 9. Be3 Be6 10. Nd2 d5 11. exd5 Bxd5 12. Nc4 Bxc4 13. Bxc4 Qc7 14. Qe2 Nc6 15. Rad1 Rad8 16. a3 Nd4 17. Bxd4 exd4 18. Na2 Rfe8 19. Bd3 Bd6 20. Qf3 Bxh2+ 21. Kh1 Be5 22. g3 Qb6 23. b3 Nd7 24. Kg2 g6 25. Bc4 Bf6 26. Nb4 Ne5 27. Nd5 Nxf3 28. Nxb6 Ne5 29. Be2 Bg7 30. Nc4 Nd7 31. Rfe1 Nc5 32. b4 Na4 33. Bf3 b5 34. Na5 Nb2 35. Rxe8+ Rxe8 36. Rd2 Nc4 37. Nxc4 bxc4 38. Kf1 Rd8 39. Be2 Rc8 40. Bf3 Rc7 41. Bd5 Kf8 42. Re2 Bh6 43. f4 Bg7 44. a4 f5 45. b5 axb5 46. axb5 d3 47. cxd3 cxd3 48. Rd2 Rc1+ 49. Kf2 Bd4+ 50. Kf3 Rc2 0-1

[Event "GER-chT Federal Cup (Women)"]
[Site "Braunfels"]
[Date "2018.06.03"]
[Round "5.2"]
[White "Ramm, Madlen"]
[Black "Yi, Wendy"]
[Result "0-1"]
[WhiteElo "1727"]
[BlackElo "1761"]
[PlyCount "56"]
[EventDate "2018.05.31"]
[EventType "team-swiss"]
[EventRounds "5"]
[EventCountry "GER"]
[SourceTitle "EXT 2020"]
[Source "ChessBase"]
[SourceDate "2019.10.17"]
[SourceVersion "1"]
[SourceVersionDate "2019.10.17"]
[SourceQuality "1"]
[WhiteTeam "Saarland SG (W)"]
[BlackTeam "Wuerttemberg (W) II"]
[WhiteTeamCountry "GER"]
[BlackTeamCountry "GER"]

1. e4 e5 2. d4 exd4 3. Qxd4 Nc6 4. Qe3 Nf6 5. Bd2 b6 6. Nc3 Ne5 7. 0-0-0 Bc5 8. Qe1 Bb7 9. h3 Qe7 10. Nb5 0-0-0 11. Nc3 Bb4 12. f4 Bxc3 13. Bxc3 Ng6 14. Bxf6 Qxf6 15. g3 Rhe8 16. Bd3 Qe7 17. Rh2 f6 18. Re2 Qc5 19. Nf3 Re7 20. Nd2 Qa5 21. Kb1 Rde8 22. Nc4 Qh5 23. h4 d5 24. Nd2 dxe4 25. Bb5 Qxb5 26. Re3 Nf8 27. Nb3 Ne6 28. f5 Qxf5 0-1

[Event "GER-chT Federal Cup (Women)"]
[Site "Braunfels"]
[Date "2018.06.02"]
[Round "4.2"]
[White "Yi, Wendy"]
[Black "Zahn, Nicol"]
[Result "1-0"]
[WhiteElo "1761"]
[BlackElo "1880"]
[PlyCount "71"]
[EventDate "2018.05.31"]
[EventType "team-swiss"]
[EventRounds "5"]
[EventCountry "GER"]
[SourceTitle "EXT 2020"]
[Source "ChessBase"]
[SourceDate "2019.10.17"]
[SourceVersion "1"]
[SourceVersionDate "2019.10.17"]
[SourceQuality "1"]
[WhiteTeam "Wuerttemberg (W) II"]
[BlackTeam "Hessen (W) II"]
[WhiteTeamCountry "GER"]
[BlackTeamCountry "GER"]

1. e4 c5 2. Nf3 e6 3. d4 cxd4 4. Nxd4 a6 5. Nc3 Qc7 6. Bd3 Bc5 7. Nb3 Ba7 8. Qg4 Ne7 9. Bf4 e5 10. Qxg7 Ng6 11. Nd5 Qc6 12. Bxe5 d6 13. Nf6+ Ke7 14. Nd5+ Ke8 15. Bg3 Be6 16. Nf4 Rf8 17. Nxe6 fxe6 18. 0-0-0 Nd7 19. Nd4 Bxd4 20. Qxd4 e5 21. Qc4 Nc5 22. Rhe1 Rc8 23. c3 Ne7 24. Bf1 b5 25. Qb4 Rb8 26. Rd2 a5 27. Qxa5 b4 28. Bc4 Nxe4 29. Bd5 Nxd5 30. Qxd5 Qxd5 31. Rxd5 Nxf2 32. Rxd6 Rf7 33. Rxe5+ Kf8 34. Re2 Ng4 35. Rd4 Re8 36. Bd6+ 1-0

[Event "GER-chT Federal Cup (Women)"]
[Site "Braunfels"]
[Date "2018.06.01"]
[Round "3.2"]
[White "Siegl, Melina"]
[Black "Yi, Wendy"]
[Result "1-0"]
[WhiteElo "1998"]
[BlackElo "1761"]
[PlyCount "89"]
[EventDate "2018.05.31"]
[EventType "team-swiss"]
[EventRounds "5"]
[EventCountry "GER"]
[SourceTitle "EXT 2020"]
[Source "ChessBase"]
[SourceDate "2019.10.17"]
[SourceVersion "1"]
[SourceVersionDate "2019.10.17"]
[SourceQuality "1"]
[WhiteTeam "Bayern (W)"]
[BlackTeam "Wuerttemberg (W) II"]
[WhiteTeamCountry "GER"]
[BlackTeamCountry "GER"]

1. e4 e5 2. Bc4 Nc6 3. Nf3 Bc5 4. c3 Nf6 5. d3 d6 6. Bb3 Ne7 7. h3 0-0 8. Nbd2 Ng6 9. Nf1 Nh5 10. g3 Be6 11. Ng5 Bxb3 12. Qxh5 h6 13. axb3 hxg5 14. Bxg5 Qd7 15. b4 Bb6 16. Ne3 Bxe3 17. Bxe3 Qb5 18. Qe2 f5 19. exf5 Rxf5 20. h4 Qd5 21. Rh2 Qf3 22. h5 Ne7 23. h6 Nd5 24. hxg7 Kxg7 25. Qxf3 Rxf3 26. Ke2 Rf7 27. Bd2 Nf6 28. f3 a6 29. Rah1 Rg8 30. c4 Kf8 31. Rh8 Rfg7 32. Rxg8+ Rxg8 33. Kf2 Kf7 34. g4 b5 35. b3 c6 36. Bc3 Rg6 37. Ra1 d5 38. Bxe5 Nd7 39. Bd4 dxc4 40. bxc4 Rd6 41. Ke3 Re6+ 42. Kd2 bxc4 43. dxc4 c5 44. bxc5 Rc6 45. Kd3 1-0

[Event "GER-ch U18 Girls"]
[Site "Willingen"]
[Date "2017.06.04"]
[Round "2"]
[White "Caliebe, Nanke"]
[Black "Yi, Wendy"]
[Result "0-1"]
[WhiteElo "1501"]
[BlackElo "1775"]
[PlyCount "42"]
[EventDate "2017.06.04"]
[EventType "swiss"]
[EventRounds "9"]
[EventCountry "GER"]
[SourceTitle "CBM 178 Extra"]
[Source "ChessBase"]
[SourceDate "2017.06.22"]
[SourceVersion "1"]
[SourceVersionDate "2017.06.22"]
[SourceQuality "1"]

1. d4 d5 2. Nf3 Nf6 3. Bf4 c5 4. e3 Nc6 5. c3 Qb6 6. Qc2 cxd4 7. exd4 Bf5 8. Qxf5 Qxb2 9. Nfd2 e6 10. Qd3 Qxa1 11. Qb5 0-0-0 12. Qb3 Nxd4 13. cxd4 Qxd4 14. Be3 Qb4 15. Qc2+ Kb8 16. a3 Qa5 17. Bd3 Bd6 18. 0-0 d4 19. Nb3 Qh5 20. h3 dxe3 21. Na5 Qxa5 0-1

[Event "Stuttgart-chB int"]
[Site "Ditzingen"]
[Date "2016.05.07"]
[Round "6"]
[White "Steinhart, Matthias"]
[Black "Yi, Wendy"]
[Result "1/2-1/2"]
[WhiteElo "1741"]
[BlackElo "1559"]
[PlyCount "65"]
[EventDate "2016.05.05"]
[EventType "swiss"]
[EventRounds "7"]
[EventCountry "GER"]
[SourceTitle "EXT 2018"]
[Source "ChessBase"]
[SourceDate "2017.10.13"]
[SourceVersion "1"]
[SourceVersionDate "2017.10.13"]
[SourceQuality "1"]

1. e4 e5 2. Nf3 Nc6 3. Bb5 a6 4. Ba4 Nf6 5. d4 b5 6. Bb3 exd4 7. e5 Ne4 8. Bd5 Bb4+ 9. c3 dxc3 10. 0-0 Nd2 11. Nbxd2 cxd2 12. Bxd2 Bxd2 13. Qxd2 0-0 14. Nd4 Bb7 15. Rfd1 Rb8 16. Bxc6 Bxc6 17. Nxc6 dxc6 18. Qc3 Qe7 19. f4 c5 20. Rd5 c4 21. Qd4 Rbd8 22. Rd1 Rxd5 23. Qxd5 Qe6 24. Qc5 Qb6 25. Qxb6 cxb6 26. Rd6 Rb8 27. Kf2 Kf8 28. Ke3 Ke7 29. Ke4 Rb7 30. a3 Rd7 31. Rxb6 Rd2 32. Rb7+ Ke8 33. Rb8+ 1/2-1/2

[Event "Stuttgart-chB int"]
[Site "Ditzingen"]
[Date "2016.05.05"]
[Round "1"]
[White "Yi, Wendy"]
[Black "Sax, Leon"]
[Result "1/2-1/2"]
[WhiteElo "1559"]
[BlackElo "1727"]
[PlyCount "171"]
[EventDate "2016.05.05"]
[EventType "swiss"]
[EventRounds "7"]
[EventCountry "GER"]
[SourceTitle "EXT 2018"]
[Source "ChessBase"]
[SourceDate "2017.10.13"]
[SourceVersion "1"]
[SourceVersionDate "2017.10.13"]
[SourceQuality "1"]

1. e4 e6 2. d4 d5 3. exd5 exd5 4. Bd3 Bd6 5. Nf3 Ne7 6. Bg5 Nbc6 7. Nbd2 f6 8. Bh4 Bg4 9. c3 Qd7 10. Qc2 Bf5 11. 0-0 0-0-0 12. b4 Rde8 13. a4 h5 14. a5 Bxd3 15. Qxd3 g5 16. Bg3 Nf5 17. b5 Nd8 18. c4 dxc4 19. Nxc4 Bxg3 20. fxg3 g4 21. b6 Kb8 22. Nfd2 Qxd4+ 23. Qxd4 Nxd4 24. Rxf6 Re6 25. Rxe6 N8xe6 26. Rf1 Rf8 27. Rxf8+ Nxf8 28. Ne4 Nd7 29. bxc7+ Kxc7 30. Kf2 Kc6 31. Ke3 Ne6 32. h3 b5 33. axb6 axb6 34. hxg4 hxg4 35. Nxb6 Kxb6 36. Nf2 Nf6 37. Nxg4 Nxg4+ 38. Ke4 Nh6 39. Ke5 Nc5 40. Kf6 Ne4+ 41. Kg6 Ng4 42. Kf5 Nef2 43. Kf4 Kc5 44. Kf3 Kd5 45. Kf4 Kd4 46. Kf5 Kd3 47. Kg5 Ke2 48. Kf5 Kf1 49. Kf4 Kxg2 50. Kf5 Kxg3 51. Ke6 Kf4 52. Kd5 Ke3 53. Kc4 Nf6 54. Kc5 N2e4+ 55. Kc4 Nd6+ 56. Kc5 Nf5 57. Kc4 Ke4 58. Kc5 Kd3 59. Kc6 Kc4 60. Kc7 Kc5 61. Kd8 Kd6 62. Kc8 Nd4 63. Kb7 Nd5 64. Kc8 Ke7 65. Kb7 Kd6 66. Kc8 Nc6 67. Kb7 Ncb4 68. Kc8 Ke7 69. Kb7 Kd7 70. Kb8 Na6+ 71. Kb7 Nc5+ 72. Kb8 Kd8 73. Ka7 Kc7 74. Ka8 Nd7 75. Ka7 Nb8 76. Ka8 Nb4 77. Ka7 Nd7 78. Ka8 Nc5 79. Ka7 Na4 80. Ka8 Kc8 81. Ka7 Kc7 82. Ka8 Nc3 83. Ka7 Nb5+ 84. Ka8 Nd6 85. Ka7 Nc8+ 86. Ka8 1/2-1/2

[Event "GER-ch U25 op-B"]
[Site "Willingen"]
[Date "2015.05.28"]
[Round "7"]
[White "Feil, Alexander"]
[Black "Yi, Wendy"]
[Result "0-1"]
[WhiteElo "1276"]
[BlackElo "1401"]
[PlyCount "104"]
[EventDate "2015.05.24"]
[EventType "swiss"]
[EventRounds "9"]
[EventCountry "GER"]
[SourceTitle "CBM 166 Extra"]
[Source "ChessBase"]
[SourceDate "2015.06.18"]
[SourceVersion "1"]
[SourceVersionDate "2015.06.18"]
[SourceQuality "1"]

1. e4 e5 2. d4 exd4 3. c3 dxc3 4. Nxc3 Bb4 5. Nf3 d6 6. Bc4 Nf6 7. Bxf7+ Kxf7 8. Qb3+ Kf8 9. Qxb4 Nc6 10. Qb3 Qe8 11. 0-0 Bg4 12. Nd2 Rb8 13. h3 h5 14. Nd5 Be6 15. Nxf6 gxf6 16. Qc3 Qg6 17. Qg3 Rg8 18. Qh2 Kf7 19. Re1 Nd4 20. Re3 Rg7 21. Kf1 h4 22. Nf3 Bc4+ 23. Ke1 Nc2+ 24. Kd1 Nxe3+ 25. fxe3 Qxe4 26. Ne1 Rbg8 27. Bd2 Qd5 28. b3 Qh5+ 29. Kc1 Bd5 30. Rb1 Bxg2 31. Qf4 Qc5+ 32. Kd1 Bxh3 33. Rc1 Bg4+ 34. Nf3 Bxf3+ 35. Qxf3 Rg1+ 36. Be1 Rxe1+ 37. Kxe1 Qxc1+ 38. Ke2 Qc2+ 39. Kf1 Rg3 40. Qh5+ Ke6 41. Qe8+ Kd5 42. Qb5+ Qc5 43. Qd3+ Kc6 44. Qe4+ Kb6 45. Qf4 Qc1+ 46. Kf2 Qd2+ 47. Kf1 Qd1+ 48. Kf2 Qg1+ 49. Ke2 Rg2+ 50. Kd3 Qb1+ 51. Kc4 Qc2+ 52. Kd4 Rd2# 0-1

[Event "GER-ch U25 op-B"]
[Site "Willingen"]
[Date "2015.05.26"]
[Round "4"]
[White "Yi, Wendy"]
[Black "Roessl, Adam"]
[Result "1-0"]
[WhiteElo "1401"]
[BlackElo "1230"]
[PlyCount "107"]
[EventDate "2015.05.24"]
[EventType "swiss"]
[EventRounds "9"]
[EventCountry "GER"]
[SourceTitle "CBM 166 Extra"]
[Source "ChessBase"]
[SourceDate "2015.06.18"]
[SourceVersion "1"]
[SourceVersionDate "2015.06.18"]
[SourceQuality "1"]

1. e4 e5 2. Nf3 Nc6 3. Bc4 Nf6 4. d3 Bc5 5. Bg5 d6 6. h3 Be6 7. Bb3 Qd7 8. Nbd2 0-0-0 9. Qe2 d5 10. Ba4 Bd6 11. d4 h6 12. dxe5 hxg5 13. Bxc6 Qxc6 14. exd6 dxe4 15. dxc7 Qxc7 16. Nxe4 Nxe4 17. Qxe4 Rhe8 18. 0-0 Bxh3 19. Qa4 Be6 20. Qxa7 Rh8 21. Qa8+ Kd7 22. Rad1+ Ke7 23. Rxd8 Rxd8 24. Qa3+ Qd6 25. Qxd6+ Rxd6 26. Nxg5 Bxa2 27. b3 Rc6 28. Re1+ Kf6 29. Ne4+ Kg6 30. Re2 Re6 31. Nc3 Rxe2 32. Nxe2 Bb1 33. c3 Kf5 34. Kf1 Ke4 35. Nc1 b5 36. Ke2 f5 37. Kd2 Kd5 38. Ne2 Ke5 39. Nd4 Be4 40. f3 Bd5 41. Kc2 Kf4 42. Nxb5 Kg3 43. c4 Bc6 44. Nd4 Bd7 45. c5 Kxg2 46. c6 Bc8 47. b4 g5 48. b5 g4 49. fxg4 fxg4 50. b6 g3 51. Ne2 Bf5+ 52. Kc3 Be4 53. b7 Bxc6 54. b8Q 1-0

[Event "GER-ch U25 op-B"]
[Site "Willingen"]
[Date "2015.05.24"]
[Round "2"]
[White "Yi, Wendy"]
[Black "Zimmer, Claudius"]
[Result "1-0"]
[WhiteElo "1401"]
[BlackElo "1105"]
[PlyCount "101"]
[EventDate "2015.05.24"]
[EventType "swiss"]
[EventRounds "9"]
[EventCountry "GER"]
[SourceTitle "CBM 166 Extra"]
[Source "ChessBase"]
[SourceDate "2015.06.18"]
[SourceVersion "1"]
[SourceVersionDate "2015.06.18"]
[SourceQuality "1"]

1. e4 e5 2. Nf3 Nc6 3. Bc4 Bc5 4. c3 Nf6 5. d4 exd4 6. cxd4 Bb4+ 7. Nc3 Nxe4 8. 0-0 Bxc3 9. d5 Na5 10. Qe2 Qe7 11. Bd3 Nc5 12. bxc3 Qxe2 13. Bxe2 0-0 14. Be3 d6 15. Nd4 c6 16. c4 cxd5 17. cxd5 b6 18. Nc6 Nxc6 19. dxc6 Bf5 20. Rfd1 Rfd8 21. Bf4 d5 22. Bf3 Be4 23. Bg4 f5 24. Bh3 g6 25. f3 Bd3 26. Rac1 Bc4 27. g4 Ne6 28. Be3 fxg4 29. Bxg4 Rd6 30. Rxc4 h5 31. Bh3 Rc8 32. c7 Rxc7 33. Bxe6+ Rxe6 34. Rxc7 Rxe3 35. Rxd5 Rxf3 36. Rd8+ Rf8 37. Rxf8+ Kxf8 38. Rxa7 Ke8 39. Rb7 b5 40. Rxb5 Kf7 41. a4 Ke6 42. a5 Kd7 43. a6 Kc6 44. Rb1 Kd5 45. a7 Ke5 46. a8Q Kf5 47. Qd5+ Kf6 48. Rb6+ Kg7 49. Qe6 Kh7 50. Qxg6+ Kh8 51. Rb8# 1-0